000 00755na a2200253 4500
001 22278
003 MIRAKIL
005 20181213155022.0
008 170213b tu 000 0
020 _a9751605458
040 _aMilas
_btur
_cTR-AnCHP
041 _atur
082 _a956.101543
_bB55 1993
090 _a956.101543 B55 1993
245 _a1897 Türk-Yunan savaşı
_b(Tesalya tarihi)
_cYayına hazırlayan Bayram Kodaman
260 _aAnkara
_bTürk Tarih Kurumu
_c1993
300 _a118, [40] s.
_bres.
_c24 sm.
490 _aTürk Tarih Kurumu Yayınları
_vXIV. Dizi-Sa. 15
504 _aDizin var.
650 _aTarih
_zYunanistan
650 _aTürk-Yunan Savaşı (1897)
_zTeselya
700 _aKodaman, Bayram
942 _2ddc
_cBKS
999 _c4929
_d4929